00557cas a2200181 4500008004100000020001500041035001200056050002500068100002800093245005600121250001100177260004200188300002100230440001700251504002700268650004000295650004000335090126t19791979mx 000 0 spa u a8472141675 aa47813004aHT384 .R8 bR63 19791 aRodrígues, A. Jacinto10aUrbanismo y revolución /cA. Jacinto Rodrígues. a1a ed. aMadrid, España :bH. Blume, cc1979 a107 p. ;c23 cm. 0aArquitectura aIncluye bibliografía 7aComunismo zRusia xHistoria 2Lemb 7aUrbanismo zRusia xHistoria 2Lemb